书目信息 |
| 题名: |
“一带一路”:中国油气与世界
|
|
| 作者: | 陆如泉 著 | |
| 分册: | ||
| 出版信息: | 北京 石油工业出版社 2019 |
|
| 页数: | 13,258页 | |
| 开本: | 24cm | |
| 丛书名: | ||
| 单 册: | ||
| 中图分类: | F426.22 | |
| 科图分类: | ||
| 主题词: | 石油工业--shi you gong ye--国际合作--研究--中国 , 天然气工业--tian ran qi gong ye--国际合作--研究--中国 | |
| 电子资源: | ||
| ISBN: | 978-7-5183-3276-2 | |
| 000 | 01212nam0 2200253 450 | |
| 001 | 2160533300 | |
| 005 | 20210926145331.0 | |
| 010 | @a978-7-5183-3276-2@dCNY60.00 | |
| 100 | @a20200408d2019 em y0chiy50 ea | |
| 101 | 0 | @achi |
| 102 | @aCN@b110000 | |
| 105 | @ay z 000yy | |
| 106 | @ar | |
| 200 | 1 | @a“一带一路”:中国油气与世界@Ayi dai yi lu zhong guo you qi yu shi jie@dChina's oil & gas business and the world under the Belt and Road initiative@f陆如泉著@zeng |
| 210 | @a北京@c石油工业出版社@d2019 | |
| 215 | @a13,258页@d24cm | |
| 330 | @a本书剖析了过去20年中国油气与世界的交往,特别是中国企业在“一带一路”地区的投资、建设与运营、贸易等实操情况,梳理和总结了“规律性”的东西——“十大黄金法则”。书中还从不同角度分析了当前及今后一个时期“一带一路”地区重点国家发生的地缘政治热点和当地政局走向等问题,探究了相关问题的答案。 | |
| 510 | 1 | @aChina's oil & gas business and the world under the Belt and Road initiative@zeng |
| 606 | 0 | @a石油工业@Ashi you gong ye@x国际合作@x研究@y中国 |
| 606 | 0 | @a天然气工业@Atian ran qi gong ye@x国际合作@x研究@y中国 |
| 690 | @aF426.22@v5 | |
| 701 | 0 | @a陆如泉@Alu ru quan@f(1976-)@4著 |
| 801 | 0 | @aCN@b百万庄@c20210926 |
| 905 | @b1301167-170@dF426.22@e195@f4 | |
| “一带一路”:中国油气与世界=China's oil & gas business and the world under the Belt and Road initiative/陆如泉著.-北京:石油工业出版社,2019 |
| 13,258页;24cm |
| ISBN 978-7-5183-3276-2:CNY60.00 |
| 本书剖析了过去20年中国油气与世界的交往,特别是中国企业在“一带一路”地区的投资、建设与运营、贸易等实操情况,梳理和总结了“规律性”的东西——“十大黄金法则”。书中还从不同角度分析了当前及今后一个时期“一带一路”地区重点国家发生的地缘政治热点和当地政局走向等问题,探究了相关问题的答案。 |
| ● |
| 相关链接 |
|
|
|
|
正题名:"一带一路":中国油气与世界
索取号:F426.22/195
 
预约/预借
| 序号 | 登录号 | 条形码 | 馆藏地/架位号 | 状态 | 备注 |
| 1 | 1301167 | 213011676 | 第一样本阅览室/ [索取号:F426.22/195] | 在馆 | |
| 2 | 1301168 | 213011685 | 第一借阅区/ [索取号:F426.22/195] | 在馆 | |
| 3 | 1301169 | 213011694 | 第一借阅区/ [索取号:F426.22/195] | 在馆 | |
| 4 | 1301170 | 213011701 | 第一借阅区/ [索取号:F426.22/195] | 在馆 |